[Event "Offerspill Invitational 2020"]
[Site "Oslo"]
[Date "2020.06.14"]
[Round "4.1"]
[White "Notkevich, Benjamin Arvola"]
[Black "Johansson, Linus"]
[Result "0-1"]
[WhiteElo "2476"]
[BlackElo "2476"]
[Annotator "TA"]
[PlyCount "65"]
[EventDate "2020.06.10"]
[EventType "swiss"]
[EventCountry "NOR"]
[SourceTitle "playchess.com"]
[Source "ChessBase"]
[SourceQuality "1"]

{[%evp 13,65,0,15,9,26,19,34,21,23,32,22,14,27,0,0,0,0,-234,-182,-180,-59,-164,-147,-161,-118,-212,-223,-212,-227,-284,-164,-200,-118,-118,-118,-113,-177,-179,-126,-122,-125,-198,-198,-197,-133,-146,0,-198,-202,-202,-190,-1837,-1677,-5983]} 1. d4 Nf6 2. c4 e6 3. Nc3 Bb4 4. f3 O-O 5. a3 Bxc3+ 6. bxc3 d6 7. e4 e5 8. Bd3 {E27: Nimzo-Indian: Sämisch: 5...0-0 6 f3.} Nh5 {Black wants to play ...Qh4+.} 9. Ne2 Qh4+ 10. g3 {White is slightly better.} Qh3 11. Kf2 $1 Nc6 12. Be3 {[#]} Na5 $146 ({Predecessor:} 12... b6 13. Qd2 Qd7 14. g4 Nf6 15. Ng3 Na5 16. Qe2 Qa4 17. c5 bxc5 18. dxe5 Nd7 19. exd6 cxd6 {1-0 (46) Osmak,I (2375)-Volotovsky,K (2055) Mykolaiv 2018}) 13. Rb1 b6 14. g4 {[#] dxe5 is the strong threat.} Bxg4 $1 {[%mdl 512]} 15. Ng3 $2 (15. fxg4 $11 {and White stays safe.} Nf6 16. Rg1) 15... Bc8 16. Qd2 h6 (16... f6 $1 $19 17. Nxh5 Qxh5) 17. Rbg1 ({White should play} 17. Bxh6 $1 $15 gxh6 18. Bf1) 17... Kh7 18. Ke1 Ba6 19. Nf5 (19. Nxh5 $17 {was called for.} Qxh5 20. Qe2 (20. Qg2 Qg6 $17)) 19... Nxc4 $19 20. Bxc4 Bxc4 21. Qf2 exd4 (21... Be6 $142 22. Ng3 f5 23. Nxh5 Qxh5) 22. cxd4 Be6 (22... Rae8 $19 {And now ...g6 would win.} 23. Rg4 Rxe4 $1 {[%mdl 512]} 24. Rxg7+ Nxg7 25. fxe4 Nxf5 26. Qxf5+ Qxf5 27. exf5 Kg7 28. Rg1+ Kf6 29. Bxh6 Re8+ 30. Kd2 Kxf5) 23. Nxg7 $17 Nxg7 24. Rg3 Qh5 25. Rhg1 Nf5 (25... Rg8 $19 26. d5 Bxd5 $1 {[%mdl 512]}) 26. exf5 Bxf5 {Threatens to win with ...Rae8.} ({But not} 26... Qxf5 $2 27. Rg7+ Kh8 28. Qh4 $1 $18 {[%mdl 512]}) 27. Rg5 (27. Qg2 $17 Qh4 28. Kf1 Bd3+ 29. Ke1) 27... hxg5 $19 28. Rxg5 Qh3 (28... Qh6 $19 29. Rxf5 Rfe8) 29. Rg3 $17 {[#]} Qh5 (29... Qh4 $1 $17 {[%cal Rh4f6]} 30. Rg7+ Kxg7 31. Qxh4 Rh8) 30. Rg5 $19 {[#]} Qh6 $1 31. Rxf5 Rae8 32. f4 $2 (32. Kd2 Rxe3 33. Qxe3) 32... Qh3 {[%mdl 64] Double Attack} 33. Qe2 {Accuracy: White = 44%, Black = 57%.} 0-1

[Event "Offerspill Invitational 2020"]
[Site "Oslo"]
[Date "2020.06.14"]
[Round "4.2"]
[White "Tari, Aryan"]
[Black "Mihajlov, Sebastian"]
[Result "1-0"]
[WhiteElo "2634"]
[BlackElo "2389"]
[Annotator "TA"]
[PlyCount "73"]
[EventDate "2020.06.10"]
[EventType "swiss"]
[EventCountry "NOR"]
[SourceTitle "playchess.com"]
[Source "ChessBase"]
[SourceQuality "1"]

{[%evp 12,73,17,24,25,18,20,0,25,35,37,15,26,15,34,0,12,0,258,0,-15,-4,0,0,0,0,0,0,0,0,8,0,8,8,8,8,8,0,0,0,8,8,8,0,0,0,0,0,0,0,8,8,8,8,8,8,8,8,233,251,690,704,5593,2442]} 1. e4 e5 2. Nf3 Nc6 3. Bb5 a6 4. Ba4 f5 5. d3 fxe4 6. dxe4 Nf6 7. O-O d6 {C70: Ruy Lopez: 3...a6 4 Ba4, Norwegian and Delayed Schliemann.} 8. Nc3 Be7 9. Nd5 b5 {The position is equal.} 10. Bb3 {And now Ng5 would win.} Na5 $1 {[#]} 11. Be3 $146 ({Predecessor:} 11. Ng5 Nxb3 12. axb3 c6 13. Nxf6+ Bxf6 14. Qh5+ g6 15. Qh6 Qe7 16. f4 Bg7 17. Qh4 {1-0 (55) Yatsishin,I-Kiuchukov,M Ustron 1994}) 11... Nxb3 12. axb3 Bb7 13. c4 Nxd5 14. exd5 c6 $2 {[%mdl 8192] [#]} (14... O-O $11) 15. Qd3 $2 (15. Nxe5 $1 $18 {[%mdl 512]} dxe5 16. Qh5+ {[%mdl 64] Double Attack} g6 17. Qxe5) 15... cxd5 $11 16. cxd5 O-O 17. Nd2 Rc8 18. Ne4 h6 19. f3 Qd7 20. Rfd1 Qf5 21. Kh1 Qf7 22. Bb6 Qg6 23. Ba5 Bg5 24. Bb4 Rfd8 25. Qe2 Be7 26. Rd3 Rd7 27. Qf2 Bd8 28. h3 Ra8 29. Ba5 Bxa5 30. Rxa5 Rc8 31. Ra1 Rdc7 32. Rd2 Rd7 33. Qb6 Kh8 34. b4 Rc4 $2 {[#]} (34... Kh7 $11) 35. Nc5 $1 $18 {[%cal Rc5d7][%mdl 576] Double Attack, Pin} Qg5 $2 (35... Qf7) (35... dxc5 36. Qxg6) 36. Nxd7 Qxd2 {[#]} 37. Qd8+ $1 {Accuracy: White = 93%, Black = 79%.} 1-0

[Event "Offerspill Invitational 2020"]
[Site "Oslo"]
[Date "2020.06.14"]
[Round "4.3"]
[White "Nilsen, Joachim Birger"]
[Black "Urkedal, Frode Olav Olsen"]
[Result "1/2-1/2"]
[WhiteElo "2411"]
[BlackElo "2557"]
[Annotator "TA"]
[PlyCount "45"]
[EventDate "2020.06.10"]
[EventType "swiss"]
[EventCountry "NOR"]
[SourceTitle "playchess.com"]
[Source "ChessBase"]
[SourceQuality "1"]

{[%evp 12,45,5,16,19,14,50,3,16,20,14,0,9,1,22,0,0,0,1,0,27,0,0,11,53,59,68,51,73,14,21,0,0,0,0,0]} 1. d4 Nf6 2. c4 e6 3. Nc3 Bb4 4. Qc2 d5 5. cxd5 exd5 6. Bg5 h6 7. Bh4 g5 {E35: Nimzo-Indian: Classical: 4...d5 5 cxd5 exd5.} 8. Bg3 h5 {8...Nc6 gains popularity.} 9. e3 (9. a3 $5 {[%cal Ra3b4]} Bxc3+ 10. Qxc3 $11) 9... h4 10. Be5 Nc6 11. Bb5 O-O 12. Bxf6 Qxf6 13. a3 Bf5 14. Bd3 Bxc3+ 15. bxc3 Ne7 16. h3 c5 17. Nf3 Rac8 18. Bxf5 Nxf5 {[#]} 19. Qa4 $146 ({Predecessor:} 19. Qb3 Rfd8 20. Qxb7 Rb8 21. Qxa7 cxd4 22. cxd4 Ra8 23. Qc7 Qa6 24. Qe5 Qd3 25. Rd1 Qc3+ 26. Nd2 Qd3 27. Nb1 Qc2 28. O-O Re8 29. Qxd5 {1-0 (29) Perez Ponsa,F (2566)-Pichot,A (2598) Buenos Aires 2019}) 19... Nd6 20. O-O (20. Qxa7 $16 Rc6 21. O-O) 20... Ne4 $11 {The position is equal.} 21. dxc5 Rxc5 22. Qxa7 Qa6 23. Qxa6 {Accuracy: White = 78%, Black = 79%.} 1/2-1/2

[Event "Offerspill Invitational 2020"]
[Site "Oslo"]
[Date "2020.06.14"]
[Round "4.4"]
[White "Holm, Kristian Stuvik"]
[Black "Vestby-Ellingsen, Mads"]
[Result "1/2-1/2"]
[WhiteElo "2462"]
[BlackElo "2351"]
[Annotator "TA"]
[PlyCount "119"]
[EventDate "2020.06.10"]
[EventType "swiss"]
[EventCountry "NOR"]
[SourceTitle "playchess.com"]
[Source "ChessBase"]
[SourceQuality "1"]

{[%evp 17,119,13,4,0,0,0,0,0,0,0,0,0,0,0,0,0,4,2,8,12,14,2,2,4,4,6,3,0,5,0,0,-6,0,0,29,12,24,16,22,22,32,16,16,-14,-12,-11,0,0,0,0,0,0,0,0,0,0,0,0,0,0,0,-1,0,0,0,0,0,-2,0,-14,-4,-6,0,-12,-12,-12,0,-27,-8,-16,-16,-35,-13,-32,0,0,0,-1,0,0,28,28,28,28,28,28,28,28,28,28,39,39,39,0]} 1. Nf3 c5 2. c4 Nc6 3. Nc3 g6 4. e3 Nf6 5. d4 cxd4 6. exd4 d5 7. cxd5 Nxd5 8. Qb3 e6 9. Bb5 $1 {9.Bb5 is better than 9.Bg5.} Bg7 10. Bg5 {A35: Symmetrical English: 2 Nc3 Nc6 3 Nf3.} Qb6 11. Qa3 f6 $1 {[#] Strongly threatening ...Nxc3.} 12. Nxd5 {The position is equal.} exd5 13. Bxc6+ $1 bxc6 14. O-O Kf7 15. Bf4 Re8 16. Bd6 {[#]} Bh6 $146 ({Predecessor:} 16... Qa6 17. Qxa6 Bxa6 18. Rfc1 Bb7 19. Rc3 Re2 20. Rb3 Ba6 21. Bc5 g5 22. h3 Kg6 {½-½ (41) Nepomniachtchi,I (2718)-Leko,P (2720) Sochi 2012}) 17. Rfe1 Ba6 18. Qc3 Qb7 19. Nd2 Qd7 20. Bg3 Rxe1+ 21. Rxe1 Re8 $132 {[%mdl 2048] Black has counterplay} 22. Nb3 Rxe1+ 23. Qxe1 {[#] Threatens to win with Nc5.} Bf8 24. Qc3 Bb5 25. h3 Qe7 26. Qa5 Qd7 27. a4 Bd3 28. Qc3 Ba6 29. Na5 c5 {[%cal Bc6c5,Bc5c4][%mdl 32]} 30. Nb3 c4 31. Qa5 Bb7 32. Nc5 Bxc5 33. Qxc5 a5 34. Qxa5 Bc6 35. Qa6 Bxa4 36. Qa8 Kg7 37. h4 Bc6 38. Qb8 Qb7 39. Qd6 Qd7 40. Qc5 h6 41. Bd6 Qe8 42. Bf4 g5 43. Be3 Qd7 44. f3 gxh4 45. Kf2 Qb7 46. Bc1 Qd7 47. Qa3 Qe6 48. Qa7+ Bd7 49. Qc7 Qf5 {aiming for ...Qc2+.} 50. Bd2 h3 51. g4 Qe6 52. Qg3 Qf7 (52... h5 {looks sharper.} 53. Qxh3 Be8 54. Qh4 hxg4 55. Qh6+ Kg8) 53. Qxh3 h5 (53... Qg6 {seems wilder.} 54. Qh4 Be8 55. Qh2 Bf7 56. Qh4 h5) 54. Qxh5 Qxh5 55. gxh5 $11 {KB-KB} Be8 56. h6+ Kg6 57. Bf4 Bd7 58. Ke3 Bf5 59. Kd2 Bh3 60. Ke3 {Accuracy: White = 93%, Black = 93%.} 1/2-1/2

[Event "Offerspill Invitational 2020"]
[Site "Oslo"]
[Date "2020.06.14"]
[Round "4.5"]
[White "Kaasen, Tor Fredrik"]
[Black "Haldorsen, Benjamin"]
[Result "0-1"]
[WhiteElo "2401"]
[BlackElo "2458"]
[Annotator "TA"]
[PlyCount "81"]
[EventDate "2020.06.10"]
[EventType "swiss"]
[EventCountry "NOR"]
[SourceTitle "playchess.com"]
[Source "ChessBase"]
[SourceQuality "1"]

{[%evp 10,81,65,75,95,102,113,34,116,118,116,111,116,105,129,81,108,87,95,81,81,81,81,81,98,96,102,88,88,101,118,88,108,77,78,73,73,56,84,-36,-30,-50,-30,-111,-126,-123,-76,-91,0,0,0,0,0,3,65,81,319,292,235,241,397,-185,-192,-233,0,0,0,-1055,-1029,-2062,-2039,-29986,-29987,-29987]} 1. e4 g6 2. d4 Bg7 3. c4 d6 4. Nc3 c5 5. d5 Bxc3+ 6. bxc3 e5 {A43: Schmid Benoni.} 7. Bd3 Qe7 {[#]} 8. h4 $146 (8. Ne2 $16) ({Predecessor:} 8. Ne2 f5 9. exf5 gxf5 10. Ng3 Qf7 11. Qc2 Ne7 12. Rb1 Qg6 13. O-O O-O 14. f4 {0-1 (70) Fuhrmann,D (2286)-Telljohann,S (2421) Germany 2005}) 8... Nf6 ({Black should try} 8... f5 $1 $14) 9. Ne2 $16 Nbd7 10. Ng3 h5 11. Bg5 Nf8 12. Qa4+ Qd7 13. Qa3 N8h7 14. Bd2 O-O 15. Bh6 Re8 16. f3 a6 17. Qb2 Kh8 18. a4 Ng8 19. Be3 Qd8 20. Qc2 Rf8 21. Kd2 Rb8 22. Raf1 Ngf6 23. Be2 Qe7 24. f4 (24. Bh6 $16) 24... exf4 $15 25. Bxf4 Bg4 26. e5 (26. Bf3 $1 $11) 26... dxe5 $17 27. Bh6 Rfe8 28. Bg5 Nxg5 (28... e4 $17 29. Rxf6 Qe5) 29. hxg5 $11 Nh7 30. Ne4 {Threatens to win with Bxg4.} Bxe2 31. Kxe2 Kg7 (31... Nxg5 $11 32. g4 Nxe4 33. Qxe4 h4) 32. g4 $14 hxg4 $2 (32... Nxg5 $16 33. gxh5 Nxe4 34. Qxe4 Rf8) 33. d6 $18 Qe6 {[#]} 34. Ke1 $1 {Qh2 would kill now.} g3 $2 {[#]} (34... Rh8 {was called for.}) 35. Rf6 $4 {[%mdl 8192]} (35. Qg2 $1 $18 {is the narrow road to win. White threatens Rxh7+! and mate.} Rh8 36. Qxg3) 35... Qxc4 $19 {White must now prevent ...Nxg5!} (35... Nxf6 $2 {loses.} 36. gxf6+ Qxf6 37. Nxf6 $18) 36. d7 Re7 $2 ({Black should play} 36... Rh8 $19 {Strongly threatening ...Nxg5!} 37. Rff1 Qd5) 37. Rd6 $11 Rd8 38. Nf6 $2 {[%mdl 8192]} (38. Rxh7+ $11 Kxh7 39. Qg2) 38... Nxg5 $19 39. Rf1 e4 {( -> ...Nf3+)} 40. Qd2 Nf3+ 41. Rxf3 {Accuracy: White = 58%, Black = 66%.} 0-1

[Event "Offerspill Invitational 2020"]
[Site "Oslo"]
[Date "2020.06.14"]
[Round "4.6"]
[White "Djurhuus, Rune"]
[Black "Kvaloy, Aksel Bu"]
[Result "1/2-1/2"]
[WhiteElo "2437"]
[BlackElo "2164"]
[Annotator "TA"]
[PlyCount "159"]
[EventDate "2020.06.10"]
[EventType "swiss"]
[EventCountry "NOR"]
[SourceTitle "playchess.com"]
[Source "ChessBase"]
[SourceQuality "1"]

{[%evp 17,158,-23,-16,-30,-19,-43,-22,-41,-20,-23,73,72,67,77,70,70,64,72,101,69,111,121,138,119,160,83,81,79,112,22,74,34,28,30,28,29,29,18,38,14,51,11,15,-44,-44,-51,-44,-47,-37,-44,-35,-62,-2,-2,-4,-1,-33,-47,0,0,29,0,0,0,0,-18,-16,-20,-8,-8,-8,-12,-14,-11,-8,-8,-8,-8,-12,-13,0,-8,-8,-8,-8,-8,-10,-8,0,0,0,0,0,-2,0,0,0,0,0,0,0,0,0,0,0,0,0,0,0,0,0,0,0,0,0,0,15,15,15,15,15,15,15,15,15,0,0,0,0,0,0,0,0,0,0,0,0,0,0,0,0,0,0]} 1. Nf3 d5 2. c4 d4 3. g3 Nc6 4. d3 e5 5. Bg2 g6 6. O-O Bg7 7. Na3 Nge7 8. Nc2 a5 9. b3 {[%cal Bb2b3,Bb3b4,Bb4b5][%mdl 32]} O-O 10. a3 {A09: Réti Opening: 1 Nf3 d5 2 c4.} b6 {[#]} 11. Bg5 $146 ({Predecessor:} 11. Rb1 Bb7 12. b4 Qc8 13. b5 Nd8 14. a4 Ne6 15. Ba3 Re8 16. e3 dxe3 17. Nxe3 e4 18. dxe4 Bxe4 {1-0 (41) Bauer,C (2622)-Delorme,A (2475) Cap d'Agde 2010}) 11... Bb7 12. b4 h6 13. Bd2 Kh7 (13... Qd7 $11) 14. b5 $16 Nb8 15. Ng5+ hxg5 16. Bxb7 Ra7 17. Bg2 g4 18. Bc1 Nd7 19. e3 Nc5 20. exd4 exd4 21. Ra2 (21. Qxg4 $142 Nf5 22. Rd1) 21... c6 22. bxc6 Qc8 23. Bf4 (23. Ne1 $16) 23... Nxc6 (23... Na4 $1 $11 {remains equal.}) 24. Bd6 Re8 25. Bxc5 bxc5 26. Bxc6 Qxc6 27. Qxg4 Rae7 28. Rb2 Qa4 (28... a4 {keeps more tension.} 29. Qd1 Rb7 30. Rxb7 Qxb7 31. h4 Kg8) 29. Qd1 Re2 30. Ne3 ({Better is} 30. f4 $11) 30... Qxd1 $15 31. Nxd1 Rxb2 $1 32. Nxb2 {[%mdl 4096] Endgame KRB-KRN} Rb8 33. Na4 Bf8 $1 34. Re1 Bd6 ({Black should try} 34... Rb3 $1 $15 35. Re8 Kg7) 35. Kf1 $11 Rb3 36. Ke2 Rxa3 37. Nb6 f5 38. Rb1 a4 39. Nc8 Bf8 {The position is equal.} 40. Rb7+ Kh6 41. Ne7 Bxe7 42. Rxe7 {KR-KR} Ra2+ 43. Kf3 Rd2 44. Rc7 Rxd3+ 45. Ke2 Rc3 46. Rxc5 a3 47. Ra5 Kg7 48. h4 Kf7 49. f3 Re3+ 50. Kf2 Rb3 51. Ke2 $1 Ke6 52. Ra6+ Kf7 53. c5 Re3+ 54. Kf2 Rc3 {[#] Hoping for ...Rc2+.} 55. Ke2 Rxc5 56. Rxa3 Rc2+ 57. Kd3 Rg2 58. Kxd4 Rxg3 59. Ke5 Kg7 60. h5 gxh5 61. Kxf5 h4 62. Ra7+ Kf8 63. f4 Rb3 64. Rh7 Rb6 65. Kg5 h3 66. Rxh3 Ra6 67. Rh7 Kg8 68. Rd7 Kf8 69. Kf5 Rb6 70. Ke5 Ra6 71. Rd6 Rxd6 72. Kxd6 {[#] White threatens Ke6 and mate. KP-K} Kf7 73. Ke5 {Threatening mate with Kf5.} Ke7 74. f5 Kf7 75. f6 Kf8 76. Kf5 Kf7 77. Kg5 Kf8 78. Kg6 {f7 would kill now.} Kg8 79. f7+ Kf8 80. Kf6 {Accuracy: White = 83%, Black = 82%.} 1/2-1/2

[Event "Offerspill Invitational 2020"]
[Site "Oslo"]
[Date "2020.06.14"]
[Round "4.7"]
[White "Storme, Isak"]
[Black "Haug, Johannes"]
[Result "0-1"]
[WhiteElo "2379"]
[BlackElo "2431"]
[Annotator "TA"]
[PlyCount "50"]
[EventDate "2020.06.10"]
[EventType "swiss"]
[EventCountry "NOR"]
[SourceTitle "playchess.com"]
[Source "ChessBase"]
[SourceQuality "1"]

{[%evp 10,50,16,0,32,30,38,18,43,31,23,0,16,22,41,0,0,-17,0,-9,-22,-75,-60,-79,-79,-160,-158,-164,-153,-159,-159,-216,-214,-249,-249,-256,-253,-347,-347,-526,-525,-29992,-29993]} 1. e4 c6 2. d4 d5 3. e5 Bf5 4. Nd2 e6 5. Nb3 Nd7 6. Nf3 Ne7 {B12: Caro-Kann: Advance Variation.} 7. Be2 h6 $1 {[%mdl 4] now scores much better than the old 7...Nc8.} 8. O-O g5 {The position is equal.} 9. Ne1 Qc7 10. Bh5 c5 11. c3 {[#]} Rg8 $146 ({Predecessor:} 11... Bg6 12. f4 c4 13. Nd2 gxf4 14. Rxf4 Bg7 15. Nf1 O-O 16. Ng3 Kh7 17. Rh4 Qd8 {1-0 (53) Topalov,V (2749)-Nakamura,H (2774) Saint Louis 2017}) 12. Nxc5 ({White should play} 12. f4 $14) 12... Nxc5 $11 13. dxc5 Nc6 14. Nd3 d4 {White should prevent ...dxc3.} 15. cxd4 (15. c4 $11 {remains equal.}) 15... O-O-O $17 16. Be3 Nxd4 17. Qa4 (17. c6 $142 Nxc6 18. Be2) 17... Bxd3 18. Bxd4 {[#] aiming for Rfd1.} Bxf1 19. Rxf1 Bxc5 20. Bxc5 (20. Bc3 $17 {keeps fighting.}) 20... Qxc5 $19 21. Bxf7 Rgf8 22. Bxe6+ Kb8 23. b4 Qxe5 24. Bg4 (24. Qb3 {was necessary.}) 24... Rd2 {( -> ...Rdxf2!)} 25. f3 {[#]} Qe2 $1 {Accuracy: White = 37%, Black = 93%.} 0-1

[Event "Offerspill Invitational 2020"]
[Site "Oslo"]
[Date "2020.06.14"]
[Round "4.8"]
[White "Gjestemoen-VonHirsch, Andre"]
[Black "Ranaldi, Lucas"]
[Result "1/2-1/2"]
[WhiteElo "2077"]
[BlackElo "2353"]
[Annotator "TA"]
[PlyCount "167"]
[EventDate "2020.06.10"]
[EventType "swiss"]
[EventCountry "NOR"]
[SourceTitle "playchess.com"]
[Source "ChessBase"]
[SourceQuality "1"]

{[%evp 11,166,0,0,-10,0,0,0,0,0,0,0,0,0,0,0,0,0,0,0,0,0,-24,57,58,55,62,61,59,62,53,106,107,214,200,177,160,172,170,158,153,155,102,105,104,128,122,148,136,271,129,181,187,183,173,169,174,191,189,176,146,174,143,138,66,139,142,136,133,112,110,228,228,356,375,367,340,355,0,185,0,340,227,191,0,0,0,20,0,0,0,258,0,169,169,327,288,335,0,0,0,300,0,0,0,0,0,1,0,0,0,0,0,0,0,0,0,0,0,0,0,0,0,0,0,0,0,0,0,0,0,0,0,0,0,0,0,0,0,0,0,0,0,0,0,0,0,0,0,0,0,0,0,0,0,0,0,0]} 1. e4 e5 2. Nf3 Nc6 3. d4 exd4 4. Nxd4 Bc5 5. Nb3 Bb6 6. Nc3 Nf6 7. Qe2 {C45: Scotch Game.} O-O 8. Bg5 h6 9. Bh4 a5 {White must now prevent ...g5.} 10. a4 Nd4 11. Qd3 Nxb3 12. cxb3 c6 13. O-O-O d5 14. exd5 cxd5 15. Nxd5 g5 16. Bg3 {[#]} (16. Qf3 $5 {[%cal Rd5f6]} Nxd5 17. Rxd5 Qc7+ 18. Bc4 $11) 16... Nxd5 $146 ({Better is} 16... Be6 $1 $11 17. Nxb6 Qxb6) ({Predecessor:} 16... Be6 17. Nxb6 Qxb6 18. Qb5 Rac8+ 19. Kb1 Qxb5 20. Bxb5 Bxb3 21. Rd6 Ne4 22. Rxh6 Rc2 {½-½ (29) Wang,H (2698)-Malakhov,V (2722) Danzhou 2017}) 17. Qxd5 $14 Qxd5 18. Rxd5 Be6 19. Rb5 Rac8+ 20. Kb1 Bc5 (20... Bd4 $14) 21. Rxb7 $16 Bd5 (21... Bb4 $16 {is a better defense.}) 22. Rb5 $1 $18 Rfd8 23. f3 ({But not} 23. Rxa5 Bb4 $16) 23... Bb4 24. Bc4 $1 {[%cal Rc4d5]} Bxc4 25. bxc4 Rxc4 26. Rb8 (26. Be5 $142) 26... Rxb8 $16 27. Bxb8 {[%mdl 4096] Endgame KRB-KRB} Rd4 28. Rc1 f6 29. Ba7 Rd2 (29... Rd5 $16) 30. Rc2 (30. Bc5 $1 $18 {is the precise move to win.}) 30... Rd1+ (30... Rd5 $16) 31. Ka2 $18 Rd5 32. Kb3 h5 33. Kc4 Rd7 34. Bd4 Kf7 35. Bc3 Rb7 36. Kd5 Rc7 37. Kd4 (37. h3 $1 $16) 37... h4 (37... Rd7+ $1 $14 38. Kc4 Rc7+ 39. Kb3 Rb7) 38. Re2 $16 Rd7+ 39. Kc4 Rc7+ 40. Kb3 Rb7 (40... Bxc3 $16 {was worth a try.} 41. bxc3 Rb7+ 42. Kc4 Rb1) 41. h3 $1 $18 Bxc3+ (41... Kg6 $142 42. Re4 Bd6+ 43. Kc2 Rc7) 42. Kxc3 {KR-KR} Rc7+ 43. Kb3 Rb7+ 44. Kc3 (44. Kc2 $142 Kg6 45. Re4) 44... Rc7+ 45. Kb3 $2 (45. Kd3) 45... Rb7+ $1 46. Ka3 Rd7 47. Re4 $2 (47. b3 $1 $18) 47... Rd3+ $11 48. b3 Kg6 49. Re2 Kf5 50. Re4 Rd2 $2 {[%mdl 8192]} (50... Kg6 $1 $11 {and Black has nothing to worry.}) 51. Rg4 $2 (51. b4 $18) 51... Rd3 $2 (51... Ke5 $11) 52. Kb2 $1 $18 Rd2+ $2 (52... Ke5 {was necessary.} 53. Re4+ Kd6) 53. Kc3 Ra2 {[#]} 54. Kc4 $2 (54. b4 $1 $18) 54... Rb2 $2 {[%mdl 8192]} (54... Ra3 $11 {and Black is okay.}) 55. Kc3 Ra2 $1 {[#]} 56. Kc4 $2 (56. b4 $1 $18 {[%cal Rb4a5]} Rxa4 57. b5) 56... Rb2 $11 {The position is equal.} 57. Kb5 Rxb3+ 58. Kxa5 {And now Rb4 would win.} Rb2 59. Rb4 Rxg2 {...Rh2 is the strong threat.} 60. Kb6 {Hoping for a5.} Rg3 61. a5 Rxf3 62. a6 Ra3 $1 ({Don't blunder} 62... Rxh3 $2 63. a7 $18) 63. Rb5+ Kf4 64. Ra5 Re3 65. a7 Re8 66. Kc6 f5 67. Kd7 Rh8 68. Ke6 Rh6+ 69. Kf7 Rh8 70. a8=Q Rxa8 71. Rxa8 g4 72. hxg4 fxg4 {KR-KPP} 73. Kg6 h3 (73... g3 $5 74. Ra4+ $8 Kf3 75. Rxh4 g2 76. Rh3+ Kg4 $11) 74. Ra4+ Kf3 75. Ra3+ Kf2 (75... Kf4 $5 76. Ra4+ $8 Kf3 $11) 76. Ra2+ Kf3 77. Ra3+ Kf2 (77... Kf4 $5 78. Ra4+ $8 Kg3 $11) 78. Ra2+ Kf1 79. Kg5 g3 80. Kg4 g2 81. Kf3 Kg1 82. Ra1+ Kh2 83. Kf2 g1=Q+ 84. Rxg1 {Accuracy: White = 82%, Black = 63%.} 1/2-1/2

[Event "Offerspill Invitational 2020"]
[Site "Oslo"]
[Date "2020.06.14"]
[Round "4.9"]
[White "Shehzad, Shazil"]
[Black "Risting, Eivind Olav"]
[Result "0-1"]
[WhiteElo "2205"]
[BlackElo "2300"]
[Annotator "TA"]
[PlyCount "74"]
[EventDate "2020.06.10"]
[EventType "swiss"]
[EventCountry "NOR"]
[SourceTitle "playchess.com"]
[Source "ChessBase"]
[SourceQuality "1"]

{[%evp 10,74,49,20,20,24,17,20,27,23,32,23,167,8,16,20,31,-5,0,0,35,0,0,0,0,0,0,-32,0,-23,-18,-52,-27,-45,-62,-81,0,0,21,-140,-140,-309,-308,-298,-314,-283,-297,-366,-339,-338,-295,-343,-223,-210,-213,-209,-202,-210,-198,-521,-520,-512,-508,-436,-434,-29995,-29996]} 1. e4 g6 2. d4 Bg7 3. Nc3 d6 4. Be3 a6 5. f4 b5 6. Be2 b4 {B06: Modern Defence.} 7. Na4 Bb7 8. Bf3 Nf6 {The position is equal.} 9. e5 Nd5 10. Bf2 {[#] Hoping for c4.} O-O $146 {[#]} (10... Nd7 $11 {and Black is okay.}) ({Predecessor:} 10... Qd7 11. c4 bxc3 12. Nxc3 Nxc3 13. bxc3 Bxf3 14. Qxf3 Nc6 15. Ne2 O-O 16. O-O Na5 {½-½ (46) Kosintseva,N (2425)-Lanchava,T (2323) Dresden 2004}) 11. Ne2 $2 (11. c4 $1 $18) 11... Nd7 $11 12. O-O Rb8 13. c4 bxc3 $1 14. bxc3 N7b6 15. Nxb6 Nxb6 16. Bxb7 Rxb7 17. Qd3 a5 18. Qf3 Rb8 19. Ng3 Qd7 20. Rad1 Qa4 21. Ne4 Qxa2 22. Bh4 Rbe8 (22... f5 $17 23. exf6 exf6) 23. f5 $1 dxe5 {[#]} 24. f6 $2 ({White should play} 24. Bxe7 $1 $11 {[%mdl 512]} Rxe7 25. f6) 24... exf6 $17 25. Nxf6+ $2 (25. Bxf6 $17 {was called for.} exd4 26. Bxg7 Kxg7 27. Qf6+ Kg8 28. Qxd4) 25... Bxf6 $19 26. Bxf6 e4 27. Qh3 {Qh6 would kill now.} Nd5 28. Bg5 f5 29. Ra1 {[%cal Bd1a1,Ba1a5,Ba5c5][%mdl 32]} Qb3 30. Rxa5 e3 31. Qf3 Re4 {[%cal Be8e4,Be4f4,Bf4f1][%mdl 32]} ({Don't take} 31... Nxc3 32. Bxe3 Qb4 33. Rc5) 32. Rc5 e2 ({Resist} 32... Nxc3 33. Bh6 $17) 33. Re1 Rfe8 34. c4 $2 (34. h4) 34... Qb4 35. Qf2 {[#]} Nf4 $1 {[%mdl 512]} 36. Bxf4 {[#]} Rxf4 $1 {[%mdl 512]} 37. Qg3 {[#]} (37. Rb5 $19 Qc3 38. Rb3 Qxb3 39. Qxf4) (37. Qxf4 Qxe1+) 37... Rf1+ $1 {[%mdl 576] Decoy, Promotion. Accuracy: White = 45%, Black = 72%.} 0-1